[Event "Leverkusen Bayer op 10th"]
[Site "Leverkusen"]
[Date "2012.03.28"]
[Round "7"]
[White "Friedsam, Manfred"]
[Black "Peschel, Andreas"]
[Result "0-1"]
[WhiteElo "1828"]
[BlackElo "2169"]
[PlyCount "82"]
[EventDate "2012.01.11"]
[EventType "swiss"]
[EventRounds "7"]
[EventCountry "GER"]
[SourceTitle "EXT 2014"]
[Source "ChessBase"]
[SourceDate "2013.11.20"]
[SourceVersion "1"]
[SourceVersionDate "2013.11.20"]
[SourceQuality "1"]

1. e4 g6 2. d4 Bg7 3. Nc3 c6 4. Be3 d5 5. e5 f6 6. f4 Nh6 7. Nf3 Bg4 8. Bd3 0-0 9. 0-0 Nf7 10. Qe1 fxe5 11. fxe5 e6 12. Qg3 Bxf3 13. Rxf3 c5 14. Bxg6 hxg6 15. Qxg6 Qe7 16. Raf1 Nc6 17. Rh3 Nh6 18. Rxf8+ Qxf8 19. Bxh6 Nxd4 20. Be3 Qf5 21. Qxf5 Nxf5 22. Bf4 Nd4 23. Re3 Rf8 24. g3 Nxc2 25. Re2 Nd4 26. Re3 Rf5 27. Nxd5 exd5 28. e6 Rf8 29. Bd6 Re8 30. Bxc5 Nc6 31. Rd3 b6 32. Ba3 d4 33. e7 Ne5 34. Rd1 Nc4 35. Kf2 Nxa3 36. bxa3 Rxe7 37. Rd3 Kf7 38. Kf3 Ke6 39. h4 Kd5 40. g4 Kc4 41. Rd1 Kc3 0-1

[Event "Leverkusen Bayer op 10th"]
[Site "Leverkusen"]
[Date "2012.02.08"]
[Round "3"]
[White "Skiber, Friedel"]
[Black "Friedsam, Manfred"]
[Result "0-1"]
[WhiteElo "1554"]
[BlackElo "1828"]
[PlyCount "84"]
[EventDate "2012.01.11"]
[EventType "swiss"]
[EventRounds "7"]
[EventCountry "GER"]
[SourceTitle "EXT 2014"]
[Source "ChessBase"]
[SourceDate "2013.11.20"]
[SourceVersion "1"]
[SourceVersionDate "2013.11.20"]
[SourceQuality "1"]

1. e4 e6 2. d4 d5 3. Bd3 b6 4. Nc3 Bb7 5. Be3 Bb4 6. f3 Nd7 7. Nge2 c5 8. exd5 exd5 9. 0-0 Ne7 10. a3 Bxc3 11. Nxc3 c4 12. Be2 Nf5 13. Bf2 a6 14. a4 Rc8 15. Qd2 0-0 16. Qf4 Qf6 17. g4 Ne7 18. Qg3 Ng6 19. Be3 Rfe8 20. f4 Qd6 21. g5 f5 22. gxf6 Nxf6 23. Qh3 Qe6 24. Qxe6+ Rxe6 25. Bd2 Ne4 26. Nxe4 Rxe4 27. Bg4 Rf8 28. Rae1 Rxe1 29. Rxe1 Nxf4 30. Re7 Bc6 31. Bxf4 Rxf4 32. Be6+ Kf8 33. Rc7 Bxa4 34. c3 Be8 35. Bxd5 b5 36. Ra7 Rf6 37. Ra8 Ke7 38. b3 cxb3 39. Bxb3 Rc6 40. c4 bxc4 41. Ba4 Rg6+ 42. Kf2 Bxa4 0-1

[Event "Leverkusen-ch op"]
[Site "Leverkusen"]
[Date "2010.03.08"]
[Round "4"]
[White "Blumenthal, Ralf"]
[Black "Friedsam, Manfred"]
[Result "1/2-1/2"]
[WhiteElo "1803"]
[BlackElo "2028"]
[PlyCount "55"]
[EventDate "2010.01.18"]
[EventType "swiss"]
[EventRounds "7"]
[EventCountry "GER"]
[SourceTitle "EXT 2011"]
[Source "ChessBase"]
[SourceDate "2010.11.26"]
[SourceVersion "1"]
[SourceVersionDate "2010.11.26"]
[SourceQuality "1"]

1. c4 e6 2. g3 d5 3. d4 dxc4 4. Bg2 g6 5. Nc3 Bg7 6. Qa4+ Bd7 7. Qxc4 Bc6 8. d5 exd5 9. Nxd5 Nd7 10. Bg5 Qxg5 11. Nxc7+ Kf8 12. Bxc6 Qa5+ 13. Kf1 Qxc7 14. Qb4+ Ne7 15. Be4 Nf6 16. Bf3 Rd8 17. Kg2 b6 18. Nh3 Bh6 19. Qh4 Kg7 20. e3 Qc2 21. Rhc1 Qxb2 22. Rcb1 Qe5 23. g4 g5 24. Qg3 Qxg3+ 25. Kxg3 Ned5 26. Rb3 Rd6 27. e4 Nxe4+ 28. Bxe4 1/2-1/2

[Event "Leverkusen-ch op"]
[Site "Leverkusen"]
[Date "2005.03.07"]
[Round "6"]
[White "Friedsam, Manfred"]
[Black "Sockel, Karl Heinz"]
[Result "1/2-1/2"]
[WhiteElo "1800"]
[BlackElo "1973"]
[PlyCount "31"]
[EventDate "2005.01.10"]
[EventType "swiss"]
[EventRounds "9"]
[EventCountry "GER"]
[SourceTitle "EXT 2006"]
[Source "ChessBase"]
[SourceDate "2005.11.24"]
[SourceVersion "1"]
[SourceVersionDate "2005.11.24"]
[SourceQuality "1"]

1. e4 g6 2. d4 Bg7 3. Nc3 d6 4. Be3 c6 5. Qd2 Qc7 6. Be2 Nd7 7. f4 Nb6 8. Nf3 Nf6 9. h3 Nh5 10. g4 Ng3 11. Rg1 Nxe2 12. Qxe2 h5 13. 0-0-0 hxg4 14. hxg4 Bd7 15. e5 0-0-0 16. Ng5 1/2-1/2

[Event "Leverkusen-ch op"]
[Site "Leverkusen"]
[Date "2005.01.17"]
[Round "2"]
[White "Friedsam, Manfred"]
[Black "Guelden, Ralf"]
[Result "1-0"]
[WhiteElo "1800"]
[BlackElo "1589"]
[PlyCount "89"]
[EventDate "2005.01.10"]
[EventType "swiss"]
[EventRounds "9"]
[EventCountry "GER"]
[SourceTitle "EXT 2006"]
[Source "ChessBase"]
[SourceDate "2005.11.24"]
[SourceVersion "1"]
[SourceVersionDate "2005.11.24"]
[SourceQuality "1"]

1. e4 c5 2. Nc3 Nc6 3. Bc4 e6 4. f4 g6 5. Nf3 Bg7 6. h4 Nge7 7. 0-0 0-0 8. a3 d6 9. Ne2 b6 10. c3 Bb7 11. Qe1 Na5 12. Ba2 Ba6 13. Qd1 c4 14. d4 Nb3 15. Bxb3 cxb3 16. Re1 Bc4 17. Nd2 d5 18. e5 Nc6 19. Nxb3 Bxb3 20. Qxb3 Na5 21. Qd1 Rc8 22. Ng3 Qc7 23. Nf1 Qd7 24. Nd2 f6 25. exf6 Rxf6 26. g3 h6 27. Nf3 Nc4 28. Ne5 Nxe5 29. fxe5 Rf5 30. Rf1 Qf7 31. Be3 g5 32. Qe2 Qg6 33. Rxf5 exf5 34. Qd3 Qe6 35. Rf1 Rf8 36. Bd2 Rf7 37. b3 Kh7 38. g4 Kg6 39. c4 dxc4 40. bxc4 Bf8 41. Bc3 Qc8 42. d5 Bg7 43. gxf5+ Rxf5 44. e6 Bxc3 45. Qxf5+ 1-0

[Event "Leverkusen op"]
[Site "Leverkusen"]
[Date "2004.04.19"]
[Round "8"]
[White "Hoffmann, Frank"]
[Black "Friedsam, Manfred"]
[Result "0-1"]
[WhiteElo "1739"]
[BlackElo "1833"]
[PlyCount "82"]
[EventDate "2004.01.12"]
[EventType "swiss"]
[EventRounds "9"]
[EventCountry "GER"]
[SourceTitle "EXT 2006"]
[Source "ChessBase"]
[SourceDate "2005.11.24"]
[SourceVersion "1"]
[SourceVersionDate "2005.11.24"]
[SourceQuality "1"]

1. e4 e5 2. Nc3 Nc6 3. f4 exf4 4. Nf3 d6 5. Bc4 h6 6. 0-0 Ne5 7. Bb3 Bg4 8. d4 Nxf3+ 9. gxf3 Bh3 10. Rf2 Qg5+ 11. Kh1 Qh4 12. Qg1 0-0-0 13. Bxf7 Rd7 14. Bb3 Nf6 15. Ne2 g5 16. Bd2 Rg7 17. Qe1 Nh5 18. Rf1 Bxf1 19. Qxh4 Bg2+ 20. Kxg2 gxh4+ 21. Kf2 Be7 22. Nxf4 Nxf4 23. Bxf4 Bg5 24. Bxg5 hxg5 25. Be6+ Kd8 26. Bg4 Rf8 27. Ke3 b6 28. c4 c5 29. d5 a6 30. a4 Ke7 31. Rb1 Rb8 32. Kd3 Kf6 33. b4 Rgb7 34. b5 axb5 35. axb5 Ra7 36. Rb3 Ra2 37. h3 Rba8 38. Be6 Rf2 39. Bg4 Raa2 40. Ke3 Ke5 41. Kd3 Kf4 0-1

[Event "Leverkusen op"]
[Site "Leverkusen"]
[Date "2004.04.05"]
[Round "7"]
[White "Friedsam, Manfred"]
[Black "Froehling, Ewald"]
[Result "1-0"]
[WhiteElo "1833"]
[BlackElo "1438"]
[PlyCount "33"]
[EventDate "2004.01.12"]
[EventType "swiss"]
[EventRounds "9"]
[EventCountry "GER"]
[SourceTitle "EXT 2006"]
[Source "ChessBase"]
[SourceDate "2005.11.24"]
[SourceVersion "1"]
[SourceVersionDate "2005.11.24"]
[SourceQuality "1"]

1. e4 e5 2. Nf3 Nc6 3. d4 d6 4. dxe5 dxe5 5. Qxd8+ Kxd8 6. Bc4 f6 7. Nc3 Nb4 8. Bb3 Ne7 9. Be3 Bd7 10. 0-0-0 Kc8 11. Rd2 Na6 12. Rhd1 Nc6 13. Rxd7 Nd4 14. Rf7 Nxb3+ 15. axb3 Nb4 16. Rdd7 Bd6 17. Nb5 1-0

[Event "Bergheim op"]
[Site "Bergheim"]
[Date "2003.09.13"]
[Round "5"]
[White "Lingen, Raimund"]
[Black "Friedsam, Manfred"]
[Result "1/2-1/2"]
[WhiteElo "1990"]
[BlackElo "1839"]
[PlyCount "31"]
[EventDate "2003.09.11"]
[EventType "swiss"]
[EventRounds "7"]
[EventCountry "GER"]
[SourceTitle "EXT 2006"]
[Source "ChessBase"]
[SourceDate "2005.11.24"]
[SourceVersion "1"]
[SourceVersionDate "2005.11.24"]
[SourceQuality "1"]

1. e4 c6 2. d4 d5 3. exd5 cxd5 4. c4 e6 5. Nf3 Nf6 6. Nc3 Bd7 7. Bg5 Be7 8. Bd3 Nc6 9. 0-0 dxc4 10. Bxc4 0-0 11. a3 Nd5 12. Bxe7 Ncxe7 13. Bxd5 Nxd5 14. Nxd5 exd5 15. Qb3 Bc6 16. Ne5 1/2-1/2

[Event "Leverkusen-ch 15th"]
[Site "Leverkusen"]
[Date "2003.02.24"]
[Round "5"]
[White "Friedsam, Manfred"]
[Black "Jogschies, Uwe"]
[Result "1-0"]
[WhiteElo "1824"]
[BlackElo "1738"]
[PlyCount "41"]
[EventDate "2003.01.06"]
[EventType "swiss"]
[EventRounds "9"]
[EventCountry "GER"]
[SourceTitle "EXT 2006"]
[Source "ChessBase"]
[SourceDate "2005.11.24"]
[SourceVersion "1"]
[SourceVersionDate "2005.11.24"]
[SourceQuality "1"]

1. e4 e6 2. d4 d5 3. Nc3 dxe4 4. Nxe4 Nd7 5. Bd3 Ngf6 6. Qe2 b6 7. Nf3 Bb7 8. Neg5 Qe7 9. 0-0 h6 10. Ne4 0-0-0 11. a4 a5 12. c3 Nxe4 13. Bxe4 Nf6 14. Bxb7+ Kxb7 15. b4 axb4 16. a5 Ra8 17. a6+ Ka7 18. Ne5 Qe8 19. Qf3 Nd5 20. c4 f6 21. Nd3 1-0

[Event "Leverkusen-ch op 14th"]
[Site "Leverkusen"]
[Date "2002.04.29"]
[Round "9"]
[White "Friedsam, Manfred"]
[Black "Peschel, Andreas"]
[Result "1/2-1/2"]
[WhiteElo "1825"]
[BlackElo "2167"]
[PlyCount "93"]
[EventDate "2002.01.14"]
[EventType "swiss"]
[EventRounds "9"]
[EventCountry "GER"]
[SourceTitle "EXT 2004"]
[Source "ChessBase"]
[SourceDate "2003.11.25"]
[SourceVersion "1"]
[SourceVersionDate "2003.11.25"]
[SourceQuality "1"]

1. e4 g6 2. d4 Bg7 3. Nc3 c6 4. Be3 d5 5. e5 Nh6 6. Be2 Nf5 7. Qd2 Nxe3 8. Qxe3 0-0 9. f4 c5 10. Nf3 Nc6 11. Rd1 Nb4 12. Rd2 Bf5 13. Bd1 e6 14. dxc5 Qa5 15. a3 Na6 16. Nd4 Qxc5 17. Be2 Qe7 18. g4 Qh4+ 19. Qg3 Qxg3+ 20. hxg3 Be4 21. Nxe4 dxe4 22. Bxa6 bxa6 23. Ke2 Rab8 24. b4 Rfc8 25. Rb1 Rc3 26. Rb3 Rbc8 27. b5 Rxb3 28. cxb3 axb5 29. Nxb5 a6 30. Nd6 Rc3 31. Nxe4 Rxb3 32. Rd3 Rb2+ 33. Rd2 Rxd2+ 34. Kxd2 Bf8 35. a4 Kg7 36. g5 h5 37. Kd3 Ba3 38. Nf6 Bc1 39. Ke4 Bd2 40. Nd7 Bb4 41. Kf3 a5 42. Ke2 Bc3 43. Kf3 Be1 44. Kg2 Bd2 45. Kf3 Bc1 46. Ke4 Bd2 47. Kf3 1/2-1/2

[Event "Leverkusen-ch op 14th"]
[Site "Leverkusen"]
[Date "2002.03.25"]
[Round "6"]
[White "Friedsam, Manfred"]
[Black "Boehm, Stefan"]
[Result "0-1"]
[WhiteElo "1825"]
[BlackElo "2038"]
[PlyCount "77"]
[EventDate "2002.01.14"]
[EventType "swiss"]
[EventRounds "9"]
[EventCountry "GER"]
[SourceTitle "EXT 2004"]
[Source "ChessBase"]
[SourceDate "2003.11.25"]
[SourceVersion "1"]
[SourceVersionDate "2003.11.25"]
[SourceQuality "1"]

1. e4 c5 2. Nc3 Nc6 3. g3 g6 4. Bg2 Bg7 5. d3 e6 6. f4 Nge7 7. Nf3 d6 8. Ne2 Rb8 9. c3 0-0 10. 0-0 b5 11. a3 a5 12. d4 cxd4 13. Nfxd4 Qc7 14. Be3 Rd8 15. Qc2 d5 16. e5 Ba6 17. Rfc1 Rbc8 18. Bf1 Bh6 19. Qd2 Qb7 20. Rc2 a4 21. Nxc6 Nxc6 22. Nd4 Na5 23. Qf2 Nc4 24. Rac1 Bf8 25. g4 Qc7 26. Bd3 Bh6 27. h4 Bf8 28. Qg3 Bc5 29. Kh1 Qe7 30. f5 exf5 31. Bxc4 Bxd4 32. cxd4 dxc4 33. Bg5 Qb7+ 34. Kh2 Rxd4 35. gxf5 Qe4 36. fxg6 hxg6 37. Bf6 Rd3 38. Qg2 Qf4+ 39. Kg1 0-1